000 00211nam a2200109Ia 4500
100 _aDUN & BRANDSTREET
942 _cBK
245 _aMANAGING YOUR MANPOWER
260 _b#N/A
546 _aENGLISH
999 _c28557
_d28557